Dispute avoidance, management and resolution in the property life cycle (Record no. 102972)

MARC details
000 -LEADER
fixed length control field 01577cam a2200349 4500
001 - CONTROL NUMBER
control field J11880
008 - FIXED-LENGTH DATA ELEMENTS--GENERAL INFORMATION
fixed length control field 000000n2002 000 0 eng u
035 ## - SYSTEM CONTROL NUMBER
System control number (Sirsi) u122989
050 ## - LIBRARY OF CONGRESS CALL NUMBER
Classification number 347.4107
110 ## - MAIN ENTRY--CORPORATE NAME
Corporate name or jurisdiction name as entry element Royal Institution of Chartered Surveyors
Subordinate unit Dispute Resolution Faculty
245 ## - TITLE STATEMENT
Title Dispute avoidance, management and resolution in the property life cycle
260 ## - PUBLICATION, DISTRIBUTION, ETC.
Place of publication, distribution, etc. London
Name of publisher, distributor, etc. RICS
Date of publication, distribution, etc. 2002
300 ## - PHYSICAL DESCRIPTION
Extent 1 folder (21 parts) ; 30cm.
520 ## - SUMMARY, ETC.
Summary, etc. Includes 21 information sheets which provide an introduction to a number of topics that include: the Dispute Resolution Faculty and Dispute Resolution Service; arbitration; adjudication; independent expert determination; mediation; boundary disputes; construction disputes and rating appeals.
650 ## - SUBJECT ADDED ENTRY--TOPICAL TERM
Topical term or geographic name entry element DISPUTE RESOLUTION SERVICE
650 ## - SUBJECT ADDED ENTRY--TOPICAL TERM
Topical term or geographic name entry element RICS DISPUTE RESOLUTION FACULTY
650 ## - SUBJECT ADDED ENTRY--TOPICAL TERM
Topical term or geographic name entry element MANAGEMENT-DISPUTE AVOIDANCE, MANAGEMENT AND RESOLUTION-DISPUTE MANAGEMENT AND RESOLUTION-ARBITRATION
650 ## - SUBJECT ADDED ENTRY--TOPICAL TERM
Topical term or geographic name entry element MEDIATION
650 ## - SUBJECT ADDED ENTRY--TOPICAL TERM
Topical term or geographic name entry element MANAGEMENT-DISPUTE AVOIDANCE, MANAGEMENT AND RESOLUTION-DISPUTE MANAGEMENT AND RESOLUTION-ALTERNATIVE DISPUTE RESOLUTION-ADJUDICATION
650 ## - SUBJECT ADDED ENTRY--TOPICAL TERM
Topical term or geographic name entry element EXPERT WITNESS
9 (RLIN) 6239
650 ## - SUBJECT ADDED ENTRY--TOPICAL TERM
Topical term or geographic name entry element Boundary disputes
9 (RLIN) 6221
650 ## - SUBJECT ADDED ENTRY--TOPICAL TERM
Topical term or geographic name entry element CONSTRUCTION DISPUTES
650 ## - SUBJECT ADDED ENTRY--TOPICAL TERM
Topical term or geographic name entry element RATING APPEALS
650 ## - SUBJECT ADDED ENTRY--TOPICAL TERM
Topical term or geographic name entry element RURAL PROPERTY DISPUTES
650 ## - SUBJECT ADDED ENTRY--TOPICAL TERM
Topical term or geographic name entry element LANDS TRIBUNAL
650 ## - SUBJECT ADDED ENTRY--TOPICAL TERM
Topical term or geographic name entry element VALUATION TRIBUNALS
650 ## - SUBJECT ADDED ENTRY--TOPICAL TERM
Topical term or geographic name entry element LEASEHOLD VALUATION TRIBUNAL
650 ## - SUBJECT ADDED ENTRY--TOPICAL TERM
Topical term or geographic name entry element PLANNING INSPECTORATE
650 ## - SUBJECT ADDED ENTRY--TOPICAL TERM
Topical term or geographic name entry element TECHNOLOGY AND CONSTRUCTION COURT
690 ## - LOCAL SUBJECT ADDED ENTRY--TOPICAL TERM (OCLC, RLIN)
Topical term or geographic name as entry element Dispute resolution
9 (RLIN) 6236
942 ## - ADDED ENTRY ELEMENTS (KOHA)
Suppress in OPAC 0

No items available.